Laporan Projek FPSS (Ijazah Bacelor Sains Perikanan) 1996.

Main Author: Nor Azizah Mohd Taib
Published: Terengganu: Kolej Universiti Sains dan Teknologi Malaysia, 1996.
LEADER 00950cam a2200169 7i4500
001 0000135305
005 20080205090000.0
002 0000000368
090 0 0 |a LP 42 FPSS 1 1996  
100 0 # |a Nor Azizah Mohd Taib  
235 0 0 |a Kesan kepadatan pelepasan terhadap kadar pertumbesaran dan peratus hidup udang harimau, Penaeus monodon Fabricius di dalam kolam ternakan   |c Nor Azizah Mohd Taib. 
245 0 0 |a Laporan Projek FPSS (Ijazah Bacelor Sains Perikanan) 1996. 
260 # # |a Terengganu:   |b Kolej Universiti Sains dan Teknologi Malaysia,   |c 1996. 
300 |a xiv, 63 p.:   |b ill.;   |c 30 cm.. 
502 # # |a Sebanyak 3 buah kolam yang mempunyai keluasan 0.5 ha digunakan di mana setiap kolam dibahagikan kepada tiga petak yang sama keluasan permukaan bertujuan untuk melepaskan benih udang galah dengan kadar 20 ekor m2, 30 ekor m2 dan 40 ekor m2 pada petaetak dalam setiap kolam 
602 # # |a Laporan Projek FPSS 1996 
999 |a 1000383011  |b Book  |c Koleksi Arkib  |e BILIK ARKIB